[Event "Heusenstamm Sparkassen op-A 7th"]
[Site "Heusenstamm"]
[Date "2021.11.21"]
[Round "6.48"]
[White "Cors, Heinz Friedrich"]
[Black "Eull, Emil"]
[Result "0-1"]
[WhiteElo "1858"]
[BlackElo "1799"]
[PlyCount "84"]
[EventDate "2021.11.18"]
[EventType "swiss"]
[EventRounds "7"]
[EventCountry "GER"]
[SourceTitle "EXT 2023"]
[Source "ChessBase"]
[SourceDate "2022.10.05"]
[SourceVersion "1"]
[SourceVersionDate "2022.10.05"]
[SourceQuality "1"]

1. c4 e6 2. e4 d5 3. exd5 exd5 4. d4 c6 5. Nc3 Nf6 6. Nf3 Bg4 7. cxd5 Nxd5 8. Be2 Be7 9. 0-0 Qb6 10. Re1 0-0 11. Ne5 Bxe2 12. Rxe2 Bf6 13. Ne4 Rd8 14. Nxf6+ Nxf6 15. Be3 Nd5 16. Qc2 Nd7 17. Nf3 h6 18. Rae1 Nf8 19. Ne5 Ne6 20. Qf5 Qc7 21. Ng4 Ne7 22. Qh5 Rd5 23. Qh3 Nf5 24. Nxh6+ Nxh6 25. Bxh6 gxh6 26. Qxh6 Ng7 27. Re7 Qb8 28. Qe3 b6 29. Qf3 Qf8 30. g4 Rxd4 31. h3 Rd6 32. Qf4 Re6 33. R7xe6 Nxe6 34. Qg3 Qb4 35. Re3 Qf4 36. Qh4 Rd8 37. Kg2 Rd2 38. Rf3 Qg5 39. Qg3 Qd5 40. Qb8+ Kg7 41. Kg3 Qd6+ 42. Qxd6 Rxd6 0-1

[Event "Heusenstamm Sparkassen op-A 7th"]
[Site "Heusenstamm"]
[Date "2021.11.20"]
[Round "5.68"]
[White "Hebauf, Markus"]
[Black "Cors, Heinz Friedrich"]
[Result "0-1"]
[WhiteElo "1541"]
[BlackElo "1858"]
[PlyCount "74"]
[EventDate "2021.11.18"]
[EventType "swiss"]
[EventRounds "7"]
[EventCountry "GER"]
[SourceTitle "EXT 2023"]
[Source "ChessBase"]
[SourceDate "2022.10.05"]
[SourceVersion "1"]
[SourceVersionDate "2022.10.05"]
[SourceQuality "1"]

1. d4 Nf6 2. Nf3 e6 3. c4 b6 4. Nc3 Bb7 5. Bg5 h6 6. Bh4 Bb4 7. a3 Bxc3+ 8. bxc3 d6 9. Qc2 Nbd7 10. e3 0-0 11. h3 Qe7 12. Be2 e5 13. d5 Rfe8 14. e4 Nf8 15. Qd3 Ng6 16. Bg3 Nf4 17. Bxf4 exf4 18. Nd2 Nxe4 19. Nxe4 Qxe4 20. Qxe4 Rxe4 21. Kd2 Rae8 22. Rhe1 g5 23. Bd3 Rxe1 24. Rxe1 Rxe1 25. Kxe1 Kg7 26. Ke2 Kf6 27. Kf3 Bc8 28. Bf1 Ke5 29. Bd3 Bf5 30. Bf1 h5 31. g4 hxg4+ 32. hxg4 Bd7 33. Bh3 f5 34. gxf5 Bxf5 35. Bf1 g4+ 36. Ke2 Be4 37. Kd2 g3 0-1

[Event "Heusenstamm Sparkassen op-A 6th"]
[Site "Heusenstamm"]
[Date "2019.11.24"]
[Round "6"]
[White "Harringer, Manfred"]
[Black "Cors, Heinz Friedrich"]
[Result "1-0"]
[WhiteElo "2043"]
[BlackElo "1893"]
[PlyCount "35"]
[EventDate "2019.11.21"]
[EventType "swiss"]
[EventRounds "7"]
[EventCountry "GER"]
[SourceTitle "CBM 194 Extra"]
[Source "ChessBase"]
[SourceDate "2020.03.31"]
[SourceVersion "1"]
[SourceVersionDate "2020.03.31"]
[SourceQuality "1"]

1. e4 c6 2. d4 d5 3. Nc3 dxe4 4. Nxe4 Nd7 5. Nf3 Ngf6 6. Ng3 e6 7. Bd3 Qc7 8. Qe2 c5 9. 0-0 Be7 10. c3 0-0 11. Bd2 Bd6 12. Rad1 Nd5 13. Bb1 cxd4 14. Nxd4 Bf4 15. Nxe6 fxe6 16. Qxe6+ Kh8 17. Qxd5 Bxd2 18. Rxd2 1-0

[Event "Heusenstamm Sparkassen op-A 6th"]
[Site "Heusenstamm"]
[Date "2019.11.22"]
[Round "3"]
[White "Cors, Heinz Friedrich"]
[Black "Lysakovskyi, Oleh"]
[Result "1-0"]
[WhiteElo "1893"]
[BlackElo "1559"]
[PlyCount "85"]
[EventDate "2019.11.21"]
[EventType "swiss"]
[EventRounds "7"]
[EventCountry "GER"]
[SourceTitle "CBM 194 Extra"]
[Source "ChessBase"]
[SourceDate "2020.03.31"]
[SourceVersion "1"]
[SourceVersionDate "2020.03.31"]
[SourceQuality "1"]

1. c4 Nf6 2. Nc3 g6 3. g3 Bg7 4. Bg2 c6 5. e4 e5 6. Nge2 0-0 7. 0-0 d6 8. d3 Bg4 9. h3 Be6 10. b3 Nbd7 11. Be3 Qa5 12. Qd2 a6 13. Kh2 b5 14. Rad1 b4 15. Na4 c5 16. f4 Nb8 17. a3 Nc6 18. axb4 cxb4 19. Bb6 exf4 20. Bxa5 fxg3+ 21. Nxg3 Nxa5 22. e5 dxe5 23. Bxa8 Rxa8 24. Qxb4 Nc6 25. Qb7 Rc8 26. Nb6 Nd8 27. Qxa6 Rb8 28. Ne4 Ne8 29. b4 Nc7 30. Qa5 Nc6 31. Qc5 Na6 32. Qxc6 Nxb4 33. Qd6 Na6 34. Nf6+ Kh8 35. Nfd7 Rd8 36. Qe7 Rg8 37. Rxf7 Bxf7 38. Qxf7 Nb4 39. Nd5 Nc2 40. N5f6 Ra8 41. Nxe5 Rf8 42. Qg8+ Rxg8 43. Nf7# 1-0

[Event "Heusenstamm Sparkassen op-A 3rd"]
[Site "Heusenstamm"]
[Date "2016.11.27"]
[Round "4"]
[White "Cors, Heinz Friedrich"]
[Black "Karthik, Thrish"]
[Result "1/2-1/2"]
[WhiteElo "1925"]
[BlackElo "1689"]
[PlyCount "81"]
[EventDate "2016.11.24"]
[EventType "swiss"]
[EventRounds "7"]
[EventCountry "GER"]
[SourceTitle "EXT 2018"]
[Source "ChessBase"]
[SourceDate "2017.10.13"]
[SourceVersion "1"]
[SourceVersionDate "2017.10.13"]
[SourceQuality "1"]

1. e4 c5 2. Nf3 d6 3. d4 cxd4 4. Nxd4 Nf6 5. Nc3 g6 6. Be2 Bg7 7. Be3 Nc6 8. Nb3 0-0 9. 0-0 Ne5 10. f3 Be6 11. Nd5 Bxd5 12. exd5 Qc7 13. Qd2 Rfc8 14. Rac1 Nc4 15. Bxc4 Qxc4 16. Rfd1 a5 17. Qd3 a4 18. Qxc4 Rxc4 19. Nd2 Rb4 20. a3 Rxb2 21. c4 Ra2 22. Nb1 Nd7 23. c5 Nxc5 24. Bxc5 dxc5 25. Rxc5 Rb2 26. Rc7 Bf6 27. Nd2 Bd4+ 28. Kf1 Bf6 29. Ne4 Kg7 30. Nxf6 Kxf6 31. Re1 Re8 32. d6 e6 33. Re4 Rd8 34. Rf4+ Ke5 35. Re4+ Kxd6 36. Rxf7 Rc8 37. Rd4+ Ke5 38. Re4+ Kd6 39. Rd4+ Ke5 40. Re4+ Kd6 41. Rd4+ 1/2-1/2

[Event "Heusenstamm Sparkassen op-A 3rd"]
[Site "Heusenstamm"]
[Date "2016.11.25"]
[Round "2"]
[White "Cors, Heinz Friedrich"]
[Black "Kirchner, Markus"]
[Result "1-0"]
[WhiteElo "1925"]
[BlackElo "1682"]
[PlyCount "83"]
[EventDate "2016.11.24"]
[EventType "swiss"]
[EventRounds "7"]
[EventCountry "GER"]
[SourceTitle "EXT 2018"]
[Source "ChessBase"]
[SourceDate "2017.10.13"]
[SourceVersion "1"]
[SourceVersionDate "2017.10.13"]
[SourceQuality "1"]

1. e4 c5 2. Nf3 Nc6 3. d4 cxd4 4. Nxd4 e5 5. Nb5 d6 6. N1c3 a6 7. Na3 b5 8. Nd5 Nf6 9. Bg5 Be7 10. Bxf6 Bxf6 11. c3 Bg5 12. Nc2 0-0 13. h4 Bh6 14. Nce3 Bxe3 15. Nxe3 Be6 16. Qd2 Qd7 17. Be2 Rad8 18. Bf3 Na5 19. 0-0 Nc4 20. Qe2 Qe7 21. g3 g6 22. Rfd1 f5 23. Nd5 Qf7 24. b3 fxe4 25. Bxe4 Na5 26. Rd2 Bf5 27. Bg2 Nb7 28. a4 bxa4 29. Rxa4 Nc5 30. Ra3 a5 31. b4 axb4 32. cxb4 Ne6 33. g4 Nd4 34. Rxd4 exd4 35. gxf5 gxf5 36. Nf4 Qf6 37. Qh5 Rde8 38. Rg3+ Kh8 39. Ng6+ Kg7 40. Nxf8+ Kxf8 41. Qxh7 Qf7 42. Qh6+ 1-0

[Event "Heusenstamm Sparkassen op-A 3rd"]
[Site "Heusenstamm"]
[Date "2016.11.24"]
[Round "1"]
[White "Schlapp, Thomas"]
[Black "Cors, Heinz Friedrich"]
[Result "1-0"]
[WhiteElo "2261"]
[BlackElo "1925"]
[PlyCount "47"]
[EventDate "2016.11.24"]
[EventType "swiss"]
[EventRounds "7"]
[EventCountry "GER"]
[SourceTitle "EXT 2018"]
[Source "ChessBase"]
[SourceDate "2017.10.13"]
[SourceVersion "1"]
[SourceVersionDate "2017.10.13"]
[SourceQuality "1"]

1. d4 Nf6 2. c4 e6 3. Nc3 Bb4 4. e3 b6 5. Bd3 Bb7 6. Nf3 0-0 7. 0-0 d6 8. Na4 d5 9. c5 b5 10. Bxb5 c6 11. Bd3 Ba6 12. Bxa6 Nxa6 13. a3 Ba5 14. Qd3 Qc8 15. b4 Bd8 16. Ne5 Nb8 17. Bd2 Nfd7 18. f4 f6 19. Nf3 f5 20. Be1 Nf6 21. Bh4 Nbd7 22. Nc3 Ne4 23. Bxd8 Qxd8 24. a4 1-0

[Event "Frankfurt-chA"]
[Site "Frankfurt"]
[Date "2014.05.26"]
[Round "5"]
[White "Cors, Heinz Friedrich"]
[Black "Gude, Michael"]
[Result "1-0"]
[WhiteElo "1811"]
[BlackElo "1587"]
[PlyCount "55"]
[EventDate "2014.04.28"]
[EventType "swiss"]
[EventRounds "7"]
[EventCountry "GER"]
[SourceTitle "EXT 2015"]
[Source "ChessBase"]
[SourceDate "2014.11.20"]
[SourceVersion "1"]
[SourceVersionDate "2014.11.20"]
[SourceQuality "1"]

1. e4 e5 2. Bc4 Nf6 3. d3 Bc5 4. Nf3 d6 5. c3 a6 6. Bb3 h6 7. Nbd2 Nc6 8. Nf1 Ng4 9. d4 exd4 10. cxd4 Bb4+ 11. Bd2 Qe7 12. Ng3 Bxd2+ 13. Qxd2 0-0 14. 0-0 Bd7 15. Rfe1 Rac8 16. Rac1 Rfe8 17. h3 Nf6 18. e5 dxe5 19. dxe5 Nh7 20. Ne4 Rcd8 21. Qf4 Nf8 22. Nf6+ gxf6 23. exf6 Qd6 24. Qxh6 Ne6 25. Rxe6 Qf8 26. Rxe8 Rxe8 27. Qg5+ Kh8 28. Rc4 1-0

[Event "Frankfurt-chA"]
[Site "Frankfurt"]
[Date "2013.06.17"]
[Round "7"]
[White "Cors, Heinz Friedrich"]
[Black "Bergner, Matthias"]
[Result "1-0"]
[WhiteElo "1915"]
[BlackElo "1574"]
[PlyCount "63"]
[EventDate "2013.04.29"]
[EventType "swiss"]
[EventRounds "7"]
[EventCountry "GER"]
[SourceTitle "EXT 2014"]
[Source "ChessBase"]
[SourceDate "2013.11.20"]
[SourceVersion "1"]
[SourceVersionDate "2013.11.20"]
[SourceQuality "1"]

1. e4 e6 2. d4 d5 3. e5 c5 4. c3 Nc6 5. Nf3 Nge7 6. Be2 cxd4 7. cxd4 Nf5 8. Nc3 Be7 9. 0-0 0-0 10. g4 Nh4 11. Nxh4 Bxh4 12. Be3 f5 13. Qd2 fxg4 14. Bxg4 Qe8 15. Kh1 Ne7 16. Rg1 Qf7 17. Rg2 Kh8 18. Bg5 Bxg5 19. Qxg5 Ng6 20. Bh5 Qf4 21. Bxg6 Qxg5 22. Rxg5 hxg6 23. Kg2 Kh7 24. Nb5 Bd7 25. Nd6 Bc6 26. Rg4 Kh6 27. Rg1 g5 28. Kf1 Rf4 29. Rxg5 Raf8 30. R1g2 Rxd4 31. Rg6+ Kh5 32. Rxg7 1-0

[Event "Frankfurt-chA"]
[Site "Frankfurt"]
[Date "2013.06.10"]
[Round "6"]
[White "Cors, Heinz Friedrich"]
[Black "Fischer, Lutz"]
[Result "0-1"]
[WhiteElo "1915"]
[BlackElo "1603"]
[PlyCount "64"]
[EventDate "2013.04.29"]
[EventType "swiss"]
[EventRounds "7"]
[EventCountry "GER"]
[SourceTitle "EXT 2014"]
[Source "ChessBase"]
[SourceDate "2013.11.20"]
[SourceVersion "1"]
[SourceVersionDate "2013.11.20"]
[SourceQuality "1"]

1. e4 e6 2. d4 d5 3. e5 c5 4. c3 Nc6 5. Nf3 Qb6 6. a3 c4 7. Nbd2 Na5 8. Be2 Nh6 9. 0-0 Be7 10. Re1 Bd7 11. Rb1 0-0 12. Nf1 Nf5 13. g4 Nh4 14. Ng3 Nxf3+ 15. Bxf3 f6 16. Be3 fxe5 17. dxe5 Qc7 18. Bd4 Nb3 19. Bg2 Bg5 20. Re2 Ba4 21. Qe1 Nxd4 22. cxd4 Rf4 23. Qc3 Qb6 24. h3 Rxd4 25. Nf1 Rf8 26. Nh2 Rd1+ 27. Rxd1 Bxd1 28. Rd2 Bxd2 29. Qxd2 Qb3 30. Bxd5 exd5 31. Qxd5+ Kh8 32. Qd6 Re8 0-1

[Event "Frankfurt-chA"]
[Site "Frankfurt"]
[Date "2013.05.13"]
[Round "3"]
[White "Lieder, Konrad"]
[Black "Cors, Heinz Friedrich"]
[Result "1-0"]
[WhiteElo "2172"]
[BlackElo "1915"]
[PlyCount "39"]
[EventDate "2013.04.29"]
[EventType "swiss"]
[EventRounds "7"]
[EventCountry "GER"]
[SourceTitle "EXT 2014"]
[Source "ChessBase"]
[SourceDate "2013.11.20"]
[SourceVersion "1"]
[SourceVersionDate "2013.11.20"]
[SourceQuality "1"]

1. d4 Nf6 2. c4 e6 3. Nc3 Bb4 4. Qc2 0-0 5. e4 d5 6. e5 Ne4 7. a3 Bxc3+ 8. bxc3 c5 9. Bd3 cxd4 10. cxd4 Nc6 11. Ne2 f5 12. 0-0 Bd7 13. cxd5 exd5 14. Qb3 Be6 15. Qxb7 Na5 16. Qa6 Qb6 17. Qxb6 axb6 18. Rb1 Nc4 19. Bxc4 dxc4 20. f3 1-0

[Event "Frankfurt-chA"]
[Site "Frankfurt"]
[Date "2012.06.18"]
[Round "7"]
[White "Bagatsch, Thomas"]
[Black "Cors, Heinz Friedrich"]
[Result "1/2-1/2"]
[WhiteElo "1984"]
[BlackElo "1762"]
[PlyCount "27"]
[EventDate "2012.04.30"]
[EventType "swiss"]
[EventRounds "7"]
[EventCountry "GER"]
[SourceTitle "EXT 2013"]
[Source "ChessBase"]
[SourceDate "2012.11.22"]
[SourceVersion "1"]
[SourceVersionDate "2012.11.22"]
[SourceQuality "1"]

1. e4 e5 2. Nf3 Nc6 3. Nc3 Nf6 4. Nxe5 Nxe5 5. d4 Nc6 6. d5 Bb4 7. dxc6 Nxe4 8. Qg4 Qe7 9. Qxg7 Nxc3+ 10. Be3 Nd5+ 11. c3 Rf8 12. cxb4 Nxe3 13. fxe3 Qxb4+ 14. Kf2 1/2-1/2

[Event "Frankfurt-chA"]
[Site "Frankfurt"]
[Date "2012.04.30"]
[Round "1"]
[White "Cors, Heinz Friedrich"]
[Black "Goreacinic, Dmitri"]
[Result "0-1"]
[WhiteElo "1762"]
[BlackElo "2231"]
[PlyCount "82"]
[EventDate "2012.04.30"]
[EventType "swiss"]
[EventRounds "7"]
[EventCountry "GER"]
[SourceTitle "EXT 2013"]
[Source "ChessBase"]
[SourceDate "2012.11.22"]
[SourceVersion "1"]
[SourceVersionDate "2012.11.22"]
[SourceQuality "1"]

1. e4 c5 2. Nf3 Qa5 3. Nc3 g6 4. d3 Bg7 5. Bd2 Nc6 6. Nd5 Qd8 7. Rb1 e6 8. Nc3 d5 9. g3 Nge7 10. Bg2 0-0 11. 0-0 d4 12. Ne2 e5 13. Ng5 h6 14. Nh3 Be6 15. f4 Qd7 16. Nf2 Bxa2 17. Ra1 Be6 18. h3 h5 19. Kh2 f6 20. Rg1 Kh7 21. Bf3 Rh8 22. Kg2 Kg8 23. Rh1 h4 24. g4 Bf7 25. Rf1 exf4 26. Bxf4 g5 27. Bd2 Ne5 28. Nc1 N7c6 29. Kg1 Bf8 30. Bg2 Bd6 31. Qe2 Bc7 32. Nd1 Qd6 33. Bf3 Kg7 34. Qg2 a5 35. b3 b5 36. Nb2 Nb4 37. c4 bxc4 38. Nxc4 Bxc4 39. Bxb4 axb4 40. Rxa8 Rxa8 41. dxc4 Ra1 0-1

[Event "Frankfurt-ch"]
[Site "Frankfurt"]
[Date "2009.04.27"]
[Round "1"]
[White "Lopez, Victor"]
[Black "Cors, Heinz Friedrich"]
[Result "0-1"]
[WhiteElo "1448"]
[BlackElo "1984"]
[PlyCount "86"]
[EventDate "2009.04.27"]
[EventType "tourn"]
[EventRounds "7"]
[EventCountry "GER"]
[SourceTitle "EXT 2010"]
[Source "ChessBase"]
[SourceDate "2010.11.25"]
[SourceVersion "1"]
[SourceVersionDate "2010.11.25"]
[SourceQuality "1"]

1. e4 e5 2. Nf3 Nc6 3. d4 exd4 4. Nxd4 Nf6 5. Nc3 Bb4 6. Nxc6 bxc6 7. Bd3 0-0 8. 0-0 d5 9. exd5 cxd5 10. Bg5 c6 11. Qf3 Be7 12. Rfe1 Be6 13. Bf5 Nd7 14. Bxe7 Qxe7 15. Qh3 Bxf5 16. Qxf5 Qd6 17. Re3 Rae8 18. Rae1 Rxe3 19. Rxe3 d4 20. Rd3 c5 21. Ne4 Qe7 22. c4 Re8 23. f3 Ne5 24. Rd1 Rd8 25. b3 Nd7 26. Qg5 Qxg5 27. Nxg5 Re8 28. Kf2 h6 29. Ne4 g6 30. Re1 f5 31. Nf6+ Nxf6 32. Rxe8+ Nxe8 33. Ke2 Kf7 34. Kd3 a5 35. a3 Ke7 36. b4 axb4 37. axb4 Kd6 38. g4 fxg4 39. fxg4 g5 40. b5 Nf6 41. h3 Nd7 42. Ke4 Nb6 43. Kd3 Ke5 0-1

[Event "Frankfurt-ch"]
[Site "Frankfurt"]
[Date "2008.06.16"]
[Round "7"]
[White "Barisch, Florian"]
[Black "Cors, Heinz Friedrich"]
[Result "0-1"]
[WhiteElo "1713"]
[BlackElo "2016"]
[PlyCount "72"]
[EventDate "2008.04.28"]
[EventType "swiss"]
[EventRounds "7"]
[EventCountry "GER"]
[SourceTitle "EXT 2009"]
[Source "ChessBase"]
[SourceDate "2008.11.26"]
[SourceVersion "1"]
[SourceVersionDate "2008.11.26"]
[SourceQuality "1"]

1. d4 Nf6 2. e3 d5 3. f4 c5 4. c3 Nc6 5. Bd3 Bg4 6. Nf3 e6 7. 0-0 Bd6 8. Qe1 Bxf3 9. Rxf3 Ne4 10. Qe2 f5 11. Rh3 Qb6 12. Rf3 Qc7 13. Rf1 0-0 14. Nd2 c4 15. Bc2 b5 16. a3 a5 17. Nxe4 dxe4 18. Bd2 Ne7 19. Rfc1 Nd5 20. Bd1 Rf6 21. Kh1 Rh6 22. Bc2 Kh8 23. Qf2 g5 24. g3 Rg6 25. Rg1 Rb8 26. Bd1 Rbg8 27. Be2 Rb8 28. Ra2 Rgg8 29. Rga1 Rb7 30. Qf1 Qc6 31. Rc1 gxf4 32. gxf4 Rbg7 33. Rd1 Nxf4 34. exf4 e3+ 35. Bf3 Rg1+ 36. Qxg1 Qxf3+ 0-1

[Event "Frankfurt-ch"]
[Site "Frankfurt"]
[Date "2008.06.02"]
[Round "5"]
[White "Cors, Heinz Friedrich"]
[Black "Arnold, Michael"]
[Result "1-0"]
[WhiteElo "2016"]
[BlackElo "1803"]
[PlyCount "37"]
[EventDate "2008.04.28"]
[EventType "swiss"]
[EventRounds "7"]
[EventCountry "GER"]
[SourceTitle "EXT 2009"]
[Source "ChessBase"]
[SourceDate "2008.11.26"]
[SourceVersion "1"]
[SourceVersionDate "2008.11.26"]
[SourceQuality "1"]

1. e4 d5 2. exd5 Qxd5 3. Nc3 Qd6 4. d4 Nf6 5. Nf3 Bg4 6. h3 Bh5 7. g4 Bg6 8. Ne5 a6 9. Bf4 Nd5 10. Nxg6 Qxg6 11. Nxd5 Qe4+ 12. Be3 Qxd5 13. Rg1 c6 14. Qd3 Nd7 15. Bg2 Qd6 16. 0-0-0 0-0-0 17. Qc3 e5 18. dxe5 Qxe5 19. Rxd7 1-0

[Event "Frankfurt-ch"]
[Site "Frankfurt"]
[Date "2008.05.19"]
[Round "3"]
[White "Cors, Heinz Friedrich"]
[Black "Haftmann, Rainer"]
[Result "1-0"]
[WhiteElo "2016"]
[BlackElo "1859"]
[PlyCount "73"]
[EventDate "2008.04.28"]
[EventType "swiss"]
[EventRounds "7"]
[EventCountry "GER"]
[SourceTitle "EXT 2009"]
[Source "ChessBase"]
[SourceDate "2008.11.26"]
[SourceVersion "1"]
[SourceVersionDate "2008.11.26"]
[SourceQuality "1"]

1. e4 e5 2. Bc4 Nf6 3. d3 d5 4. exd5 Nxd5 5. Nf3 Nc6 6. 0-0 Bg4 7. c3 Be7 8. Nbd2 0-0 9. Ne4 h6 10. Re1 Kh8 11. Ng3 Nb6 12. Bb3 Qd7 13. h3 Bxf3 14. Qxf3 f5 15. a4 a5 16. Nf1 Rae8 17. Qh5 f4 18. Nh2 Rf5 19. Qf3 Bd6 20. Bd2 Ref8 21. d4 Qe7 22. Bc2 R5f7 23. Rad1 Qg5 24. Qe4 g6 25. Nf3 Qh5 26. dxe5 Re7 27. Bxf4 g5 28. Bg3 Qf7 29. e6 Qg7 30. Rxd6 cxd6 31. Bxd6 Rfe8 32. Nd4 Nc8 33. Bg3 Nxd4 34. Be5 Nxc2 35. Bxg7+ Kxg7 36. Qxc2 Na7 37. f4 1-0

[Event "Frankfurt-ch"]
[Site "Frankfurt"]
[Date "2008.05.05"]
[Round "2"]
[White "Schlapp, Thomas"]
[Black "Cors, Heinz Friedrich"]
[Result "1-0"]
[WhiteElo "2257"]
[BlackElo "2016"]
[PlyCount "119"]
[EventDate "2008.04.28"]
[EventType "swiss"]
[EventRounds "7"]
[EventCountry "GER"]
[SourceTitle "EXT 2009"]
[Source "ChessBase"]
[SourceDate "2008.11.26"]
[SourceVersion "1"]
[SourceVersionDate "2008.11.26"]
[SourceQuality "1"]

1. d4 Nf6 2. c4 e6 3. Nc3 Bb4 4. Bd2 0-0 5. Nf3 d5 6. e3 b6 7. Qb3 Be7 8. Rc1 Bb7 9. cxd5 exd5 10. Be2 Nbd7 11. 0-0 c5 12. Rfd1 Qb8 13. Be1 Rd8 14. dxc5 bxc5 15. Rc2 Bc6 16. Bb5 Bxb5 17. Qxb5 Ne5 18. Qxb8 Nxf3+ 19. gxf3 Raxb8 20. Na4 Rbc8 21. Ba5 Re8 22. Bc3 Red8 23. Bxf6 Bxf6 24. Rxc5 Rxc5 25. Nxc5 Bxb2 26. Nd3 Bf6 27. Nb4 d4 28. e4 g5 29. Rc1 Rb8 30. Nd3 Rb5 31. Kg2 Kg7 32. Rc4 h6 33. Ra4 a5 34. Rc4 Kf8 35. Kg3 Kg7 36. h3 Kg6 37. f4 gxf4+ 38. Nxf4+ Kg7 39. Nd3 Rg5+ 40. Kh2 Rb5 41. f4 Rb1 42. e5 Bh4 43. Rxd4 Rd1 44. Kg2 Rd2+ 45. Kf3 Rxa2 46. f5 Bg5 47. h4 Bd2 48. Rg4+ Kf8 49. Rc4 a4 50. Rc7 Ra3 51. Ke4 Rc3 52. Ra7 Rc4+ 53. Kd5 Rxh4 54. f6 Kg8 55. e6 fxe6+ 56. Kxe6 Re4+ 57. Kf5 Rd4 58. Ne5 Rd8 59. Rg7+ Kf8 60. Ng6+ 1-0

[Event "Frankfurt-ch"]
[Site "Frankfurt"]
[Date "2006.05.29"]
[Round "6"]
[White "Cors, Heinz Friedrich"]
[Black "Muellergross, Christian"]
[Result "1-0"]
[WhiteElo "1955"]
[BlackElo "1489"]
[PlyCount "43"]
[EventDate "2006.04.24"]
[EventType "swiss"]
[EventRounds "7"]
[EventCountry "GER"]
[SourceTitle "EXT 2007"]
[Source "ChessBase"]
[SourceDate "2006.11.23"]
[SourceVersion "1"]
[SourceVersionDate "2006.11.23"]
[SourceQuality "1"]

1. e4 e6 2. d4 d5 3. Nd2 dxe4 4. Nxe4 Nd7 5. Nf3 Ngf6 6. Bd3 Nxe4 7. Bxe4 Nf6 8. Bd3 c5 9. 0-0 cxd4 10. Nxd4 a6 11. c3 Bc5 12. a4 Bxd4 13. cxd4 0-0 14. Bg5 h6 15. Bh4 Bd7 16. Bc2 b5 17. axb5 Bxb5 18. Re1 g5 19. Bg3 Qb6 20. Be5 Qd8 21. Qf3 Nd5 22. Qh5 1-0

[Event "Frankfurt-ch"]
[Site "Frankfurt"]
[Date "2006.05.08"]
[Round "3"]
[White "Gutacker, Stephan"]
[Black "Cors, Heinz Friedrich"]
[Result "1-0"]
[WhiteElo "1789"]
[BlackElo "1955"]
[PlyCount "49"]
[EventDate "2006.04.24"]
[EventType "swiss"]
[EventRounds "7"]
[EventCountry "GER"]
[SourceTitle "EXT 2007"]
[Source "ChessBase"]
[SourceDate "2006.11.23"]
[SourceVersion "1"]
[SourceVersionDate "2006.11.23"]
[SourceQuality "1"]

1. e4 e5 2. Nf3 Nc6 3. d4 exd4 4. Nxd4 Nf6 5. Nc3 Bb4 6. Nxc6 bxc6 7. Bd3 d6 8. 0-0 Bg4 9. f3 Be6 10. Be3 0-0 11. Ne2 d5 12. e5 Nd7 13. c3 Ba5 14. f4 Bb6 15. Bxb6 Nxb6 16. f5 Bd7 17. Ng3 Qg5 18. Qe2 Rfe8 19. Rf3 c5 20. Raf1 c4 21. Bc2 c5 22. Rf4 Qe7 23. Re1 Rad8 24. f6 Qf8 25. Bxh7+ 1-0

[Event "Frankfurt-ch"]
[Site "Frankfurt"]
[Date "2005.06.13"]
[Round "7"]
[White "Kinski, Sven"]
[Black "Cors, Heinz Friedrich"]
[Result "1/2-1/2"]
[WhiteElo "1765"]
[BlackElo "1970"]
[PlyCount "80"]
[EventDate "2005.04.25"]
[EventType "swiss"]
[EventRounds "7"]
[EventCountry "GER"]
[SourceTitle "EXT 2006"]
[Source "ChessBase"]
[SourceDate "2005.11.24"]
[SourceVersion "1"]
[SourceVersionDate "2005.11.24"]
[SourceQuality "1"]

1. e4 e5 2. d4 exd4 3. Nf3 Nc6 4. Bc4 Nf6 5. 0-0 Nxe4 6. Re1 d5 7. Bb5 Be7 8. Nxd4 Bd7 9. Bxc6 bxc6 10. f3 Nf6 11. Qe2 c5 12. Nb5 Be6 13. Bf4 Bd6 14. Nxd6+ cxd6 15. Qa6 Qb6 16. Qxb6 axb6 17. Bxd6 Kd7 18. Be5 Ne8 19. Na3 f6 20. Bg3 Nd6 21. c3 Bf5 22. Rad1 Kc6 23. Re7 Rhe8 24. Rde1 Rxe7 25. Rxe7 g5 26. Bxd6 Kxd6 27. Rf7 Ke6 28. Rb7 Ra6 29. Kf2 Bg6 30. Ke3 Kd6 31. Rb8 f5 32. g3 Kc7 33. Rf8 Ra5 34. h4 gxh4 35. gxh4 Ra4 36. h5 f4+ 37. Rxf4 Rxf4 38. Kxf4 Bxh5 39. Nb5+ Kd7 40. b4 Kc6 1/2-1/2